Big 4 Isogram Teams Quiz Stats

Quiz Updated Aug 3, 2014

Challenge
Share
Tweet
Embed
Score 0/58 Timer 06:00
4 Plays Today
League Team % Correct
MLBReds
87.8%
MLBRed Sox
82.3%
MLBGiants
80.3%
NFLGiants
80.3%
MLBWhite Sox
78.2%
NFLJets
75.5%
NBAHeat
74.3%
NBALakers
69.8%
NFLBears
67.9%
MLBMets
67.8%
MLBCubs
66.8%
NFLPackers
60.5%
NFLLions
59.9%
NFLColts
59%
MLBRays
59%
NFLPanthers
58.6%
NHLPanthers
58.5%
NHLKings
57.8%
NBAKings
57.6%
NFLDolphins
57.1%
NFLBrowns
57.1%
MLBBraves
56.3%
MLBAngels
55.9%
MLBTigers
54.2%
NBAMagic
53.9%
NBANets
53.7%
NBAThunder
53.2%
MLBMarlins
53.1%
MLBPirates
52.8%
League Team % Correct
NFLBengals
52.8%
NFLTexans
52.7%
MLBBlue Jays
52.5%
NFLRams
51.3%
MLBTwins
51%
NFLRavens
50.9%
NFLFalcons
50.2%
MLBPadres
49.5%
NHLBruins
48.9%
NFLChiefs
48.5%
MLBRoyals
48.3%
MLBRockies
47.7%
NBAHawks
47.2%
NHLRed Wings
46.6%
NBAMavericks
43%
NBAPacers
41%
NHLWild
40.5%
NBABucks
40.2%
NBAPelicans
40%
NBAHornets
39%
NBARockets
38.3%
NHLJets
38.1%
NHLFlyers
37.8%
NHLOilers
36.8%
NHLBlues
36.5%
NHLDucks
35.9%
NBAWizards
34.5%
NHLFlames
31.8%
NHLDevils
31.2%

You're not logged in!

Compare scores with friends on all Sporcle quizzes.
Join for Free
OR
Log In

You Might Also Like...

Show Comments

Extras

Top Quizzes Today


Score Distribution

Your Account Isn't Verified!

In order to create a playlist on Sporcle, you need to verify the email address you used during registration. Go to your Sporcle Settings to finish the process.

Report this User

Report this user for behavior that violates our Community Guidelines.

Details: